How managers make things happen
Tallennettuna:
| Päätekijä: | |
|---|---|
| Aineistotyyppi: | Kirja |
| Kieli: | Undetermined |
| Julkaistu: |
London
Prentice-Hall
1982
|
| Aiheet: | |
| Tagit: |
Lisää tagi
Ei tageja, Lisää ensimmäinen tagi!
|
| Thư viện lưu trữ: | Trung tâm Học liệu Trường Đại học Cần Thơ |
|---|
| LEADER | 00489nam a2200181Ia 4500 | ||
|---|---|---|---|
| 001 | CTU_23781 | ||
| 008 | 210402s9999 xx 000 0 und d | ||
| 082 | |a 658 | ||
| 082 | |b O.24 | ||
| 100 | |a Odiorne, George S. | ||
| 245 | 0 | |a How managers make things happen | |
| 245 | 0 | |c George S. Odiorne | |
| 260 | |a London | ||
| 260 | |b Prentice-Hall | ||
| 260 | |c 1982 | ||
| 650 | |a Industrial management | ||
| 904 | |i Phượng,QHieu | ||
| 980 | |a Trung tâm Học liệu Trường Đại học Cần Thơ | ||